Firms should link up says Egan (Record no. 69014)

MARC details
000 -LEADER
fixed length control field 00811cam a2200217 4500
001 - CONTROL NUMBER
control field WB3746-06
008 - FIXED-LENGTH DATA ELEMENTS--GENERAL INFORMATION
fixed length control field 011204n2001 000 0 eng u
035 ## - SYSTEM CONTROL NUMBER
System control number (Sirsi) u115848
245 ## - TITLE STATEMENT
Title Firms should link up says Egan
260 ## - PUBLICATION, DISTRIBUTION, ETC.
Date of publication, distribution, etc. 2001
490 ## - SERIES STATEMENT
Series statement Building
Volume/sequential designation 266(48) 30 November 2001, 15(1)
520 ## - SUMMARY, ETC.
Summary, etc. Strategic Forum meeting recommends firms form 'clusters' that specialise in certain types of buildings such as offices and hotels. This is to create one-stop shops for designing and building projects and gives the industry Egan-style efficiencies that repeat clients are demanding.
590 ## - LOCAL NOTE (RLIN)
Local note WB
650 ## - SUBJECT ADDED ENTRY--TOPICAL TERM
Topical term or geographic name entry element CLUSTERS
650 ## - SUBJECT ADDED ENTRY--TOPICAL TERM
Topical term or geographic name entry element BAA
650 ## - SUBJECT ADDED ENTRY--TOPICAL TERM
Topical term or geographic name entry element SAINSBURY
650 ## - SUBJECT ADDED ENTRY--TOPICAL TERM
Topical term or geographic name entry element CONFEDERATION OF CONSTRUCTION CLIENTS
650 ## - SUBJECT ADDED ENTRY--TOPICAL TERM
Topical term or geographic name entry element EGAN REFORMS
690 ## - LOCAL SUBJECT ADDED ENTRY--TOPICAL TERM (OCLC, RLIN)
Topical term or geographic name as entry element Procurement
9 (RLIN) 6260
942 ## - ADDED ENTRY ELEMENTS (KOHA)
Suppress in OPAC 0
Holdings
Withdrawn status Lost status Source of classification or shelving scheme Damaged status Not for loan Home library Current library Shelving location Date acquired Total Checkouts Full call number Barcode Date last seen Copy number Price effective from Koha item type
    Dewey Decimal Classification     London London News article 04/12/2001   WB3746-06 115848-1001 06/08/2019 1 06/08/2019 News article